Normal view
MARC view
Entry Personal Name
001 - CONTROL NUMBER
- control field: 752495
003 - CONTROL NUMBER IDENTIFIER
- control field: OSt
005 - DATE AND TIME OF LATEST TRANSACTION
- control field: 20250421085613.0
008 - FIXED-LENGTH DATA ELEMENTS
- fixed length control field: 250421|| aca||aabn | a|a d
040 ## - CATALOGING SOURCE
- Original cataloging agency: OSt
- Transcribing agency: OSt
100 ## - HEADING--PERSONAL NAME
- Personal name: तिवारी, अजय
670 ## - SOURCE DATA FOUND
- Source citation: Work cat.: (OSt)1309224: तिवारी, अजय , सौन्दर्यशास्त्र के प्रश्न , 2015.
